| 000 | 00492nam a2200145 a 4500 | ||
|---|---|---|---|
| 001 | 000034040 | ||
| 005 | 20200930070726.0 | ||
| 008 | 110921s1975 dr 000 0 spa d | ||
| 040 |
_aDO-SdBNP _bspa _cBNPHU |
||
| 100 | 1 |
_aAlverti, Luis _959481 |
|
| 245 | 1 | 0 |
_aMúsica y orquestas bailables dominicanas 1910-1959 / _cLuis Alverti ; prólogo Caro Álvarez. |
| 260 |
_aSanto Domingo : _bEditora Taller, _c1975. |
||
| 300 |
_a157 p. : _bil., retrs., mús. ; _c23 cm. |
||
| 700 | 1 |
_aÁlvarez, Caro _959482 |
|
| 999 |
_c33531 _d33531 |
||